000 00882nam a2200265Ia 4500
001 Z_252
003 CHAP
008 220113s1986 xx 000 0 und d
010 _a163226
040 _cCHAP
090 _aTesis A 427
100 _aAcevedo González, Ernesto
_9500
245 _aPrograma para el incremento de la lechería familiar en Chihuahua (Seminario de titulación) /
_c Ernesto Acevedo González
260 _aChihuahua, Chih. :
_bEl autor,
_c1986
300 _a69 h.
502 _aTesis (Ing. Agrónomo Esp. en Zootecnia) -- UACH. Departamento de Zootecnia
650 _aGanado lechero
_xChihuahua I. t. La problemática de la producción agrícola y su desarrollo rural en el estado de Chihuahua
_9137533
650 _aGranjas lecheras
_950407
901 _aTESIS A 427
902 _aM
910 _a1986
942 _c2
942 _c2
999 _c163226
_d163226